000 00492nam a2200169Ia 4500
999 _c199
_d199
003 OSt
005 20201223154608.0
008 190216s9999||||xx |||||||||||||| ||und||
040 _coclc
082 _a297.1240521
_bALT/M
100 _aAl-Tibrizi, Khatib
_97833
245 0 _aMishkatul Masabih /
_cKhatib Al-Tibrizi
260 _bSahithya Pravarthaka Sahakarana Sangam,
300 _a628p
650 _aArabic
942 _cBK
_2ddc
_h297.1240521
_iALT/M
_k297.1240521
_mALT/M